[Event "ch-AUS 2011-12"]
[Site "North Geelong AUS"]
[Date "2012.01.07"]
[Round "10.1"]
[White "Johansen,D"]
[Black "Akshat,Kh"]
[Result "1-0"]
[WhiteElo "2403"]
[BlackElo "2414"]

1.Nf3 Nf6 2.c4 g6 3.Nc3 Bg7 4.e4 d6 5.d4 O-O 6.Be2 Na6 7.O-O e5 8.Re1 Qe8
9.Bf1 Bg4 10.d5 Nh5 11.h3 Bd7 12.Rb1 Nc5 13.Nb5 Na6 14.b4 f5 15.Rb3 f4 16.a4 Qe7
17.Ba3 Rfc8 18.Rc3 Bf8 19.c5 Nf6 20.Qe2 Be8 21.Rec1 Rd8 22.R3c2 dxc5 23.bxc5 c6
24.d6 Qg7 25.Nxe5 cxb5 26.axb5 Nxc5 27.Bxc5 Bxd6 28.Bxd6 Rxd6 29.Rc7 Nd7
30.Nf3 Rb6 31.e5 Qf8 32.e6 Nf6 33.Qe5 Nh5 34.Qe4 Qd6 35.Rxb7 Nf6 36.Rxb6 Nxe4
37.Rxd6 Nxd6 38.Rc5 Kg7 39.Rd5 Rd8 40.Rd4 Kf6 41.Rxf4+ Kxe6 42.Ra4 Rd7 43.Nd4+ Kd5
44.Nc6 Nc8 45.Rd4+ Kc5 46.Re4 Bf7 47.Ne5 Re7 48.f4 Bd5 49.Re1 Nb6 50.Kf2 Kd6
51.Rd1 Rc7 52.Rd2 Ke6 53.h4 Nd7 54.Nxd7 Rxd7 55.g3 Rc7 56.Bh3+ Kd6 57.Bg2 Rc5
58.Rxd5+ Rxd5 59.Bxd5 Kxd5 60.Kf3 Kc5 61.g4 Kxb5 62.f5 gxf5 63.g5  1-0

[Event "17th Bosnjaci Open"]
[Site "Bosnjaci CRO"]
[Date "2012.01.08"]
[Round "8.1"]
[White "Saric,S"]
[Black "Pancevski,F"]
[Result "1-0"]
[WhiteElo "2472"]
[BlackElo "2459"]

1.d4 g6 2.c4 Nf6 3.Nc3 d6 4.e4 Bg7 5.Nf3 O-O 6.Be2 e5 7.Be3 Nbd7 8.d5 Ng4
9.Bg5 f6 10.Bd2 a5 11.h3 Nh6 12.g4 f5 13.Bg5 Qe8 14.gxf5 gxf5 15.Rg1 Kh8
16.Qd2 Ng8 17.exf5 Nc5 18.Nh4 Qf7 19.O-O-O Ne7 20.Bh6 Bxh6 21.Qxh6 Nxf5 22.Ng6+  1-0

[Event "17th Bosnjaci Open"]
[Site "Bosnjaci CRO"]
[Date "2012.01.08"]
[Round "8.26"]
[White "Bastalic,B"]
[Black "Blagojevic,M"]
[Result "0-1"]
[WhiteElo "1703"]
[BlackElo "2109"]

1.d4 Nf6 2.c4 g6 3.Nf3 Bg7 4.e3 d6 5.Be2 O-O 6.O-O Nbd7 7.Nc3 e5 8.e4 c6
9.Bg5 h6 10.Bh4 Re8 11.Qc2 Qe7 12.Rad1 Nf8 13.d5 c5 14.Ne1 g5 15.Bg3 Ng6
16.Nd3 h5 17.h3 Rf8 18.Qd2 h4 19.Bh2 Bh6 20.f3 Kh7 21.Qe1 Nh5 22.Nf2 Bd7
23.Ng4 Bg7 24.Rd2 Ngf4 25.Bd1 a6 26.Ne2 b5 27.Nxf4 exf4 28.Be2 Rfe8 29.Qb1 Kg8
30.b3 b4 31.Bd3 a5 32.Rc2 a4 33.Rd1 axb3 34.axb3 Ra1 35.Qxa1 Bxa1 36.Rxa1 Bxg4
37.hxg4 Qe5 38.Rca2 Qd4+ 39.Kh1 Ng3+ 40.Bxg3 hxg3 41.Ra8 Qh8+ 42.Kg1 Qh2+  0-1

[Event "4th Chennai Open"]
[Site "Chennai IND"]
[Date "2012.01.08"]
[Round "7"]
[White "Laxman,R"]
[Black "Narayanan,SL"]
[Result "1/2-1/2"]
[WhiteElo "2434"]
[BlackElo "2320"]

1.Nf3 Nf6 2.c4 g6 3.Nc3 Bg7 4.e4 d6 5.d4 O-O 6.Be2 e5 7.Be3 c6 8.O-O exd4
9.Bxd4 Re8 10.Qc2 Qe7 11.Rfe1 Nbd7 12.Rad1 b6 13.Qd2 Bb7 14.Be3 Nc5 15.Bd3 Rad8
16.h3 Ne6 17.Bh6 Bh8 18.Qc1 Nd7 19.Bf1 Ne5 20.Ng5 Bf6 21.Nxe6 fxe6 22.Be3 c5
23.f4 Nc6 24.f5 Nd4 25.fxe6 Qxe6 26.Nd5 Bxd5 27.exd5 Qd7 28.Bf2 Be5 29.b3 Rf8
30.Bxd4 Bxd4+ 31.Kh1 Be5 32.Be2 Rf4 33.Bg4 Qg7 34.Be6+ Kh8 35.Rf1 Rdf8 36.Rxf4 Bxf4
37.Qc2 Be5 38.Qe2 Rf4 39.g3 Rf6 40.Kg2 Qf8 41.Rd3 Qh6 42.Rf3 Rxf3 43.Qxf3 Bd4
44.h4 Qg7 45.h5 Qf6  1/2-1/2

[Event "17th Bosnjaci Open"]
[Site "Bosnjaci CRO"]
[Date "2012.01.09"]
[Round "9.19"]
[White "Takac,Z"]
[Black "Vukovic,Ivo"]
[Result "0-1"]
[WhiteElo "2088"]
[BlackElo "2238"]

1.d4 Nf6 2.Nf3 g6 3.c4 Bg7 4.Nc3 d6 5.e4 O-O 6.Be2 e5 7.O-O Nbd7 8.h3 Re8
9.dxe5 Nxe5 10.Nxe5 dxe5 11.Qxd8 Rxd8 12.Bg5 Re8 13.Rad1 c6 14.Rd6 Be6 15.Rfd1 h6
16.Bh4 Nh7 17.Rd8 Rexd8 18.Rxd8+ Rxd8 19.Bxd8 Bf8 20.Bh4 Bc5 21.Kf1 Bd4 22.f3 Nf8
23.Be1 Nd7 24.b3 Kf8 25.Bd3 Ke7 26.Ne2 Be3 27.Bf2 Bxf2 28.Kxf2 Nc5 29.Bc2 a5
30.Nc3 g5 31.Ke3 f6 32.a4 h5 33.Ne2 h4 34.Kd2 Bc8 35.Kc3 Na6 36.Bd3 Kd6 37.Nc1 Nb4
38.Bf1 b6 39.Ne2 Na6 40.g3 hxg3 41.Nxg3 Ke7 42.Bg2 Nc5 43.Bf1 Be6 44.b4 axb4+
45.Kxb4 Na6+ 46.Kc3 Bd7 47.Ne2 Nc5 48.Kb4 Ne6 49.Ka3 Kd6 50.Kb4 c5+ 51.Ka3 Nd4
52.Ng1 Nc2+ 53.Kb3 Ne3 54.Be2 Ng2 55.Bf1 Nf4 56.Ka3 Kc7 57.Be2 Nxh3 58.Nxh3 Bxh3
59.Kb3 Bg2 60.Kc3 g4 61.f4 exf4 62.Bxg4 Bxe4 63.Kd2 Kd6  0-1

[Event "Andranik Margaryan Memorial 2012"]
[Site "Yerevan ARM"]
[Date "2012.01.10"]
[Round "3"]
[White "Harutjunyan,G"]
[Black "Petrosian,DG"]
[Result "0-1"]
[WhiteElo "2482"]
[BlackElo "2476"]

1.d4 Nf6 2.c4 g6 3.Nc3 Bg7 4.e4 d6 5.Nf3 O-O 6.Be2 e5 7.Be3 Ng4 8.Bg5 f6
9.Bh4 g5 10.Bg3 Nh6 11.d5 Nd7 12.Nd2 f5 13.exf5 Nf6 14.Nde4 Nxe4 15.Nxe4 Nxf5
16.Bg4 b5 17.cxb5 a6 18.b6 cxb6 19.O-O Nd4 20.Bxc8 Rxc8 21.Qg4 Rc4 22.b3 Qc8
23.Qh5 Rc2 24.Nxd6 Qc5 25.Nc4 Ne2+ 26.Kh1 Nxg3+ 27.fxg3 Rcf2 28.Rxf2 Qxf2
29.Rg1 e4 30.Qxg5 Kh8 31.h4 b5 32.Ne5 Rf5 33.Ng4 Qxg1+ 34.Kxg1 Bd4+ 35.Qe3 Rxd5
36.Kf2 Kg7 37.Ke2 Bxe3 38.Nxe3 Rc5 39.g4 Rc1 40.g5 Ra1 41.Nf5+ Kg6 42.g4 Rxa2+
43.Ke3 a5 44.Kf4 Rf2+ 45.Kxe4 a4 46.Ne7+ Kf7  0-1

[Event "20th Fajr Open"]
[Site "Tabriz IRI"]
[Date "2012.01.13"]
[Round "3.7"]
[White "Nigalidze,G"]
[Black "Asgarov,M"]
[Result "1/2-1/2"]
[WhiteElo "2460"]
[BlackElo "2234"]

1.Nf3 Nf6 2.c4 g6 3.Nc3 Bg7 4.e4 d6 5.d4 O-O 6.Be2 e5 7.d5 a5 8.O-O Na6 9.Re1 Nc5
10.Nd2 Nfd7 11.b3 f5 12.Bf1 Nf6 13.f3 h5 14.Rb1 Bh6 15.a3 fxe4 16.Ndxe4 Ncxe4
17.Nxe4 Bxc1 18.Qxc1 Nxe4 19.fxe4 Qf6 20.Rb2 b6 21.Bd3 Bd7 22.b4 axb4 23.axb4 Qh4
24.Rc2 Ra4 25.Qd2 Ra3 26.Rec1 Bf5 27.g3 Qg4 28.Re1 Bd7 29.Rc3 Rxc3 30.Qxc3 Qf3
31.Qd2 Bh3 32.Qe2 Kg7 33.Ra1 Qf6 34.Qe3 g5 35.Be2 Kg6 36.c5 bxc5 37.bxc5 Kh6
38.Rc1 Kg6 39.Ra1 Kh6 40.Rc1 Rf7 41.Ra1 Kg6 42.Rc1 Rf8  1/2-1/2

[Event "TCh-SVK Extraliga 2011-12"]
[Site "Slovakia SVK"]
[Date "2012.01.14"]
[Round "5"]
[White "Kaniansky,M"]
[Black "Kriebel,T"]
[Result "0-1"]
[WhiteElo "2199"]
[BlackElo "2339"]

1.d4 Nf6 2.Nf3 g6 3.c4 Bg7 4.Nc3 O-O 5.e4 d6 6.Be2 Nbd7 7.O-O e5 8.Re1 c6
9.Bf1 Qb6 10.c5 dxc5 11.Na4 Qc7 12.dxc5 b5 13.cxb6 axb6 14.Qc2 Bb7 15.b3 Nh5
16.Bb2 Nf4 17.Rad1 Rfd8 18.Bc4 Bf6 19.g3 Nh5 20.Rd2 Rac8 21.Bf1 Nf8 22.Red1 Rxd2
23.Rxd2 Ne6 24.Bh3 Re8 25.Nc3 Qe7 26.Ne2 c5 27.Ne1 Bg5 28.Rd1 Nd4 29.Nxd4 exd4
30.f3 Be3+ 31.Kh1 Qg5 32.Bc1 Ba6 33.Bxe3 Qxe3 34.Qd2 Qxd2 35.Rxd2 f5 36.Bg2 Nf6
37.b4 fxe4 38.bxc5 bxc5 39.fxe4 Nxe4  0-1

[Event "TCh-SVK Extraliga 2011-12"]
[Site "Slovakia SVK"]
[Date "2012.01.14"]
[Round "5"]
[White "Kantorik,M"]
[Black "Csolto,R"]
[Result "0-1"]
[WhiteElo "2320"]
[BlackElo "2267"]

1.d4 Nf6 2.c4 g6 3.Nc3 d6 4.e4 Bg7 5.Be2 O-O 6.Nf3 Nbd7 7.O-O e5 8.Re1 exd4
9.Nxd4 Nc5 10.f3 Ne6 11.Be3 Nd7 12.Qd2 Ne5 13.f4 Nxd4 14.Bxd4 Nc6 15.Bxg7 Kxg7
16.Rad1 Be6 17.b3 f6 18.Bf3 Qe7 19.Nd5 Qf7 20.Qc3 Rae8 21.Ne3 Bd7 22.b4 Nd8
23.a3 Bc6 24.Ng4 h5 25.Nf2 Kh7 26.b5 Bd7 27.e5 fxe5 28.fxe5 dxe5 29.Ne4 Ne6
30.Qxe5 Bc8 31.Rf1 Qg7 32.Qg3 Nd4 33.Ng5+ Kh8 34.h3 Rxf3 35.Qh4 Ne2+ 36.Kh2 Qe5+
37.g3 Qxg3+ 38.Qxg3 Rxg3 39.h4 Rg4  0-1

[Event "TCh-SVK Extraliga 2011-12"]
[Site "Slovakia SVK"]
[Date "2012.01.14"]
[Round "5"]
[White "Maslik,M"]
[Black "Vovk,Y"]
[Result "1/2-1/2"]
[WhiteElo "2356"]
[BlackElo "2577"]

1.d4 Nf6 2.Nf3 g6 3.c4 Bg7 4.Nc3 O-O 5.e4 d6 6.Be2 e5 7.O-O exd4 8.Nxd4 Re8
9.f3 c6 10.Nc2 Na6 11.Be3 d5 12.cxd5 cxd5 13.Bf2 dxe4 14.Qxd8 Rxd8 15.Rad1 Bf5
16.Ne3 Be6 17.fxe4 Rxd1 18.Rxd1 Nc5 19.Bf3 Nfd7 20.Ned5 Be5 21.b4 Na6 22.Nb5 Nb6
23.Nxa7 Nc4 24.b5 Nc7 25.Rc1 Bxd5 26.exd5 Nd2 27.a4 Nxf3+ 28.gxf3 Nxd5 29.Rc5 Rd8
30.a5 Bb8 31.Rc8 Rxc8 32.Nxc8 Nc3 33.a6 Nxb5 34.axb7 Kf8 35.Bg3 Nc7 36.Kg2 Ke8
37.Nd6+ Ke7 38.Nb5 Na6 39.Kh3 Kd7 40.Kg4 f6 41.Nd4 Ba7 42.Nb5 Bb8 43.Nd4 Nc7
44.Nb5 Na6 45.Nd4  1/2-1/2

[Event "TCh-CZE Liga 1 Zapad"]
[Site "Czech Rep CZE"]
[Date "2012.01.15"]
[Round "6.2"]
[White "Sura,J"]
[Black "Michalek,J"]
[Result "0-1"]
[WhiteElo "2187"]
[BlackElo "2332"]

1.Nf3 g6 2.d4 Bg7 3.c4 Nf6 4.Nc3 d6 5.e4 O-O 6.Be2 e5 7.dxe5 dxe5 8.Qxd8 Rxd8
9.Bg5 c6 10.Nxe5 Re8 11.O-O-O Na6 12.Rd6 Be6 13.f4 Nc5 14.Bf3 h6 15.Bh4 Nh7
16.b3 g5 17.Bf2 gxf4 18.Bxc5 Bxe5 19.Rd3 Nf8 20.Bd6 Rad8 21.Rhd1 Rxd6 22.Rxd6 Bxc3
23.Kc2 Be5 24.R6d3 Ng6 25.c5 Bc7 26.a4 Ne5 27.Rd4 b6 28.cxb6 Bxb6 29.Rd6 Kf8
30.Ra1 Bc5 31.Rdd1 Rb8 32.Rab1 a5 33.Be2 Rb4 34.Bf3 Ke7 35.Kc3 Be3 36.Re1 f5
37.exf5 Bd4+ 38.Kd2 Bxf5 39.Rbc1 Be3+ 40.Rxe3 fxe3+ 41.Kxe3 Rxb3+ 42.Kd4 Nxf3+
43.gxf3 Kd6  0-1

[Event "TCh-CZE Liga 1 Zapad"]
[Site "Czech Rep CZE"]
[Date "2012.01.15"]
[Round "6.6"]
[White "Urban,Z"]
[Black "Pachmann,A"]
[Result "0-1"]
[WhiteElo "2176"]
[BlackElo "2277"]

1.d4 Nf6 2.c4 g6 3.Nc3 Bg7 4.e4 d6 5.Nf3 O-O 6.Be2 e5 7.O-O exd4 8.Nxd4 Re8
9.Bg5 h6 10.Bh4 g5 11.Bg3 Nxe4 12.Nxe4 Rxe4 13.Nb5 Nc6 14.Bf3 Rxc4 15.Re1 Be6
16.Rxe6 fxe6 17.Qe2 Rb4 18.Qxe6+ Kh8 19.a4 a6 20.Bxd6 cxd6 21.Nxd6 Ne5 22.Bxb7 Rb8
23.Be4 Qf6 24.Qd5 Rd8 25.Rd1 Qxd6 26.Qxd6 Rxd6 27.Rxd6 Rxe4  0-1

[Event "TCh-CZE Liga 1 Zapad"]
[Site "Czech Rep CZE"]
[Date "2012.01.15"]
[Round "6.8"]
[White "Lacha,Jo"]
[Black "Turner,R"]
[Result "0-1"]
[WhiteElo "2065"]
[BlackElo "2128"]

1.d4 Nf6 2.Nf3 g6 3.c4 Bg7 4.Nc3 O-O 5.e4 d6 6.Be2 e5 7.dxe5 dxe5 8.Qxd8 Rxd8
9.Bg5 c6 10.Nxe5 Re8 11.O-O-O Na6 12.f4 Nc5 13.Bf3 h6 14.Bh4 Nh5 15.Bxh5 gxh5
16.Rhe1 Be6 17.b3 Bg4 18.Rd6 Rxe5 19.Re3 Re6 20.e5 Rxd6  0-1

[Event "5th Gora Swietej Anny"]
[Site "Gora Swietej Anny POL"]
[Date "2012.01.15"]
[Round "5.2"]
[White "Parol,P"]
[Black "Zgadzaj,R"]
[Result "1-0"]
[WhiteElo "1923"]
[BlackElo "2206"]

1.e4 d6 2.c4 Nf6 3.Nc3 g6 4.d4 Bg7 5.Nf3 O-O 6.Be2 Nbd7 7.O-O e5 8.dxe5 dxe5
9.Qc2 c6 10.Rd1 Qc7 11.b3 Re8 12.h3 Nh5 13.Be3 Nf4 14.Ne1 Nf8 15.Bc5 b6 16.Bd6 Qb7
17.Bg4 N8e6 18.Nf3 Nf8 19.Bxc8 Raxc8 20.c5 Nd7 21.b4 Ne6 22.Rab1 Qa6 23.Qa4 Qxa4
24.Nxa4 b5 25.Nb2 Nd4 26.Nxd4 exd4 27.f3 f5 28.exf5 gxf5 29.Re1 Bh6 30.f4 Re4
31.Nd3 Kf7 32.g4 Rce8 33.Kf2 Ke6 34.gxf5+ Kxf5 35.Rxe4 Rxe4 36.Re1 Rxe1 37.Kxe1 Ke4
38.Ke2 Kd5 39.Kd2 Nf6 40.Ke2 Ne4 41.Bb8 a6 42.Kf3 Nc3 43.f5 Nxa2 44.f6 Nc3
45.f7 Ke6 46.Ne5 d3 47.Nxd3 Kxf7 48.Ne5+ Ke6 49.Nxc6 Nd5 50.Ke4 Bd2 51.Nd4+ Kd7
52.Kxd5 Bxb4 53.c6+ Kc8 54.Bd6 Ba5 55.Nf5 Bb6 56.Nd4 h5 57.Ne6 Bg1 58.Bc5 Bh2
59.Bb4 Bg1 60.Ng7 h4 61.Nf5 Bb6 62.Be1 Bc7 63.Bxh4 b4 64.Kc4 a5 65.Bf2 Bf4
66.Bb6 Bc7 67.Bxc7 Kxc7 68.Nd4  1-0

[Event "10th Parsvnath Open"]
[Site "New Delhi IND"]
[Date "2012.01.15"]
[Round "1"]
[White "Kuldeep,S"]
[Black "Ashwin,J"]
[Result "0-1"]
[WhiteElo "1761"]
[BlackElo "2472"]

1.d4 Nf6 2.Nf3 d6 3.c4 g6 4.Nc3 Bg7 5.e4 O-O 6.Be2 Nbd7 7.O-O e5 8.Be3 Re8
9.d5 Nh5 10.Nd2 Nf4 11.b4 f5 12.Nb3 Nxe2+ 13.Qxe2 f4 14.Bc1 Rf8 15.f3 g5
16.c5 Nf6 17.Ba3 g4 18.b5 Rf7 19.Na5 Bf8 20.cxd6 cxd6 21.Bb4 Rg7 22.Kf2 gxf3
23.gxf3 Ng4+ 24.Ke1 Ne3 25.Kd2 Qb6 26.Qd3 Rg2+ 27.Ne2 Nxf1+ 28.Rxf1 Bd7 29.a4 Rc8
30.Nc4 Qc7 31.Kc3 a6 32.b6 Qxc4+ 33.Qxc4 Rxc4+ 34.Kxc4 Rxe2 35.Kd3 Re3+ 36.Kd2 Bxa4
37.Rc1 Rb3  0-1

[Event "TCh-SVK Extraliga 2011-12"]
[Site "Slovakia SVK"]
[Date "2012.01.15"]
[Round "6"]
[White "Markos,J"]
[Black "Vajda,Le"]
[Result "1/2-1/2"]
[WhiteElo "2596"]
[BlackElo "2557"]

1.d4 Nf6 2.c4 g6 3.Nc3 Bg7 4.e4 d6 5.Nf3 O-O 6.Be2 Nbd7 7.O-O e5 8.Qc2 exd4
9.Nxd4 Re8 10.Be3 Ne5 11.f3 c5 12.Nb3 Be6 13.Rad1 Nxc4 14.Bxc5 Nd7 15.Bf2 Qg5
16.Qc1 Qxc1 17.Rxc1 Bh6 18.Rb1 a6 19.Rfd1 Nde5 20.Nd4 Rac8 21.Nxe6 fxe6 22.Bxc4 Nxc4
23.Rd3 b5 24.Ne2 b4 25.b3 Na3 26.Rbd1 Nb5 27.Kf1 Bg5 28.Be1 a5 29.Bd2 Bxd2
30.R1xd2 Rc5 31.Nd4 Na3 32.Ne2 Nb5 33.Nd4 Na3 34.Ne2 Nb5  1/2-1/2

[Event "20th Fajr Open"]
[Site "Tabriz IRI"]
[Date "2012.01.15"]
[Round "4.11"]
[White "Hemmatjoo,A"]
[Black "Rasulov,Vu"]
[Result "0-1"]
[WhiteElo "2096"]
[BlackElo "2537"]

1.Nf3 Nf6 2.c4 g6 3.Nc3 Bg7 4.e4 d6 5.d4 O-O 6.Be2 Na6 7.O-O e5 8.d5 Nc5
9.Qc2 a5 10.Ne1 Nfd7 11.Be3 f5 12.f3 f4 13.Bf2 g5 14.b3 h5 15.a3 Rf6 16.Rb1 Rg6
17.b4 Na6 18.g4 hxg4 19.fxg4 Nf8 20.Ng2  0-1

[Event "20th Fajr Open"]
[Site "Tabriz IRI"]
[Date "2012.01.15"]
[Round "4.10"]
[White "Moayed,O"]
[Black "Kovalev,An"]
[Result "0-1"]
[WhiteElo "2007"]
[BlackElo "2517"]

1.d4 Nf6 2.c4 g6 3.Nc3 Bg7 4.e4 d6 5.Nf3 O-O 6.Be2 Nbd7 7.O-O e5 8.d5 Nc5
9.Qc2 a5 10.Bg5 h6 11.Bh4 g5 12.Bg3 Nh5 13.Nd2 Nf4 14.b3 f5 15.f3 g4 16.a3 Bd7
17.b4 axb4 18.axb4 Na4 19.Bd3 Nxc3 20.Rxa8 Nce2+ 21.Bxe2 Nxe2+ 22.Kf2 Qxa8
23.Kxe2 gxf3+ 24.gxf3 fxe4 25.Nxe4 Qa3 26.Qc3 Qa2+ 27.Kd3 b5 28.Rf2 bxc4+
29.Qxc4 Qb1+ 30.Ke3 Qe1+ 31.Re2 Qf1 32.Nd2 Qg1+ 33.Rf2 h5 34.Nf1 e4 35.f4 Ra8  0-1

[Event "11th Prague Open A"]
[Site "Prague CZE"]
[Date "2012.01.17"]
[Round "5"]
[White "Lapertosa,J"]
[Black "Stubberud,O"]
[Result "1/2-1/2"]
[WhiteElo "2121"]
[BlackElo "2321"]

1.d4 Nf6 2.c4 g6 3.Nc3 Bg7 4.e4 d6 5.Be2 O-O 6.Nf3 e5 7.d5 Na6 8.O-O Nc5
9.Nd2 a5 10.Qc2 Ne8 11.Nb3 f5 12.Nxc5 dxc5 13.exf5 gxf5 14.f4 e4 15.Be3 b6
16.Rad1 Nd6 17.g3 Qf6 18.Rc1 Ba6 19.b3 Rae8 20.h3 Bc8 21.Kh2 Kh8 22.a4 Re7
23.Nb5 Qg6 24.Rg1 Nxb5 25.axb5 Bd4 26.Qd2 Qf6 27.Rgd1 Bxe3 28.Qxe3 Rg7 29.Qc3 Qxc3  1/2-1/2

[Event "5th Gora Swietej Anny"]
[Site "Gora Swietej Anny POL"]
[Date "2012.01.18"]
[Round "8.5"]
[White "Kuciel,W"]
[Black "Siedlecki,Adam"]
[Result "1-0"]
[WhiteElo "2030"]
[BlackElo "1857"]

1.d4 Nf6 2.c4 g6 3.Nc3 Bg7 4.e4 d6 5.Nf3 O-O 6.Be2 e5 7.Be3 Ng4 8.Bg5 f6
9.Bh4 g5 10.Bg3 Nh6 11.c5 f5 12.exf5 Nxf5 13.dxe5 Nxg3 14.hxg3 g4 15.Qd5+ Kh8
16.e6 gxf3 17.Rxh7+ Kxh7 18.Bd3+ Kh6 19.O-O-O Qg5+ 20.Qxg5+ Kxg5 21.Ne4+ Kf5
22.e7 Ke6 23.exf8=Q Bxf8 24.Bc4+ Ke7 25.cxd6+ cxd6 26.gxf3 Be6 27.Nxd6 Bxc4
28.Nxc4 Nc6 29.f4 Rc8 30.Kb1 Ke6 31.g4 Bc5 32.f5+ Kf6 33.f4 Nd4 34.Ne5 Rc7
35.b4 Bb6 36.Rh1 Ne2 37.Rh6+ Kg7 38.g5 Nxf4 39.f6+ Kg8 40.f7+ Kg7 41.Rf6 Rc8
42.Rxf4 Bc7 43.Rc4 Bxe5 44.Rxc8 Kxf7 45.Ra8 Bd4 46.Rd8 Be3 47.Rd7+ Kg6 48.Rxb7 Kxg5
49.Rf7 Kg6 50.Rf3 Bd4 51.Kc2 Bf6 52.Kb3 Kf7 53.Kc4 Ke7 54.Rxf6 Kxf6 55.Kb5  1-0

[Event "20th Fajr Open"]
[Site "Tabriz IRI"]
[Date "2012.01.18"]
[Round "9.13"]
[White "Niknaddaf,M"]
[Black "Kovalev,An"]
[Result "1/2-1/2"]
[WhiteElo "2075"]
[BlackElo "2517"]

1.d4 Nf6 2.c4 g6 3.Nf3 Bg7 4.Nc3 O-O 5.e4 d6 6.Be2 Nbd7 7.O-O e5 8.Re1 h6
9.Bf1 Nh7 10.dxe5 dxe5 11.b3 Re8 12.Bb2 c6 13.Qd6 Nhf8 14.Rad1 Ne6 15.Ne2 Qf6
16.Qd2 a5 17.Qc2 Qe7 18.Rd2 h5 19.g3  1/2-1/2

[Event "5th Gora Swietej Anny"]
[Site "Gora Swietej Anny POL"]
[Date "2012.01.19"]
[Round "9.2"]
[White "Dobrowolski,P"]
[Black "Cukrowski,F"]
[Result "1-0"]
[WhiteElo "2416"]
[BlackElo "2109"]

1.d4 Nf6 2.c4 g6 3.Nc3 Bg7 4.e4 d6 5.Nf3 O-O 6.Be2 Nbd7 7.O-O e5 8.Qc2 Re8
9.Rd1 exd4 10.Nxd4 Nc5 11.f3 a5 12.Ndb5 Bd7 13.Bg5 Ne6 14.Be3 Nh5 15.Qd2 Be5
16.g3 g5 17.Nd4 Nef4 18.gxf4 gxf4 19.Bf2 Qg5+ 20.Kh1 Kh8 21.Rg1 Qh6 22.Nf5 Bxf5
23.exf5 Rg8 24.Ne4 Ng7 25.f6 Nf5 26.Rxg8+ Rxg8 27.Rg1 Re8 28.Bf1 b6 29.b3 Ne3
30.Bd3 Bd4 31.Ng5 Qxf6 32.Bb1 Re5 33.Qxd4  1-0

[Event "Apertura Internacional 2012"]
[Site "Asuncion PAR"]
[Date "2012.01.21"]
[Round "2.5"]
[White "Latorre,Man"]
[Black "Peralta,E"]
[Result "1-0"]
[WhiteElo "2299"]
[BlackElo "2228"]

1.d4 Nf6 2.c4 g6 3.Nc3 Bg7 4.e4 d6 5.Nf3 O-O 6.Be2 e5 7.d5 Na6 8.O-O Nc5
9.Nd2 a5 10.Rb1 Bd7 11.b3 Nh5 12.Bxh5 gxh5 13.Qxh5 f5 14.Qe2 Qh4 15.g3 Qh3
16.exf5 e4 17.Ncxe4 Rae8 18.Bb2 Bxf5 19.f3 Bxb2 20.Rxb2 Qh5 21.Qe3 Bxe4 22.Nxe4 Nxe4
23.fxe4 Rxf1+ 24.Kxf1 Qe5 25.Re2 Qh5 26.Kg2 Qg6 27.h3 b6 28.Qf4 h5 29.h4 Rf8
30.Qg5 Qxg5 31.hxg5 Re8 32.Kf3 Kg7 33.g4 hxg4+ 34.Kxg4 Kg6 35.Re3 Re7 36.a3 Re8
37.b4 axb4 38.axb4 Re7 39.Re2 Re8 40.Kf4 Rh8 41.Rc2 Rh4+ 42.Ke3 Kxg5 43.Rf2 Kg6
44.Rf8 Rh3+ 45.Kd4 Rb3 46.Rc8 Rxb4 47.Rxc7 Kf6 48.Rd7 b5 49.Rxd6+ Ke7 50.Rc6 Ra4
51.e5 bxc4 52.Rxc4  1-0

[Event "ch-Belgrade 2012"]
[Site "Belgrade SRB"]
[Date "2012.01.23"]
[Round "2.2"]
[White "Milanovic,Da"]
[Black "Jovicic,R"]
[Result "1-0"]
[WhiteElo "2510"]
[BlackElo "2201"]

1.d4 Nf6 2.c4 g6 3.Nc3 Bg7 4.e4 O-O 5.Nf3 d6 6.Be2 e5 7.Be3 Ng4 8.Bg5 f6
9.Bh4 g5 10.Bg3 Nh6 11.h3 Nc6 12.d5 Nd4 13.Nxd4 exd4 14.Qxd4 f5 15.Qd2 f4
16.Bh2 Nf7 17.h4 h6 18.hxg5 hxg5 19.f3 c5 20.O-O-O b5 21.g3 fxg3 22.Bxg3 bxc4
23.f4 Rb8 24.e5 Bf5 25.Bxc4 gxf4 26.Bxf4 dxe5 27.Bd3 Qf6 28.Bxf5 Qxf5 29.Be3 e4
30.Rdf1 Qd7 31.Qh2 Rfe8 32.Qh7+ Kf8 33.Bh6 Qg4 34.Qh8+ Ke7 35.Qxg7  1-0

[Event "ch-Belgrade 2012"]
[Site "Belgrade SRB"]
[Date "2012.01.23"]
[Round "2.4"]
[White "Cabrilo,G"]
[Black "Bozovic,V"]
[Result "1/2-1/2"]
[WhiteElo "2471"]
[BlackElo "2187"]

1.c4 Nf6 2.Nc3 g6 3.e4 d6 4.d4 Bg7 5.Nf3 O-O 6.Be2 e5 7.d5 Nbd7 8.Be3 Ng4
9.Bg5 f6 10.Bh4 g5 11.Bg3 Nh6 12.Nd2 f5 13.exf5 Nf6 14.Nce4 Nxe4 15.Nxe4 Bxf5
16.Bd3 Bxe4 17.Bxe4 Nf5 18.Qd3 Qd7 19.f3 h6 20.Bf2 Nd4 21.O-O c5 22.a4 a5
23.g4 Rae8 24.h3 h5 25.Bxd4 exd4 26.Rfe1 Kh8 27.Re2 hxg4 28.hxg4 Be5 29.Kg2 Kg7
30.Rh1 Rh8 31.Bh7 Qf7 32.Ree1 Bf4 33.Be4 Qf6 34.Qb3 Qe7 35.Qd1 Qf6 36.Qb3 Qe7
37.Qd1 Qf6  1/2-1/2

[Event "ch-Belgrade 2012"]
[Site "Belgrade SRB"]
[Date "2012.01.23"]
[Round "2.13"]
[White "Tisma,I"]
[Black "Martic,I SRB"]
[Result "0-1"]
[WhiteElo "2136"]
[BlackElo "2391"]

1.Nf3 d6 2.d4 g6 3.c4 Bg7 4.Nc3 Nf6 5.e4 O-O 6.Be2 Nbd7 7.O-O e5 8.h3 exd4
9.Nxd4 Re8 10.Bf3 a6 11.Re1 c5 12.Nc2 Ne5 13.Be2 Be6 14.b3 Nfd7 15.Bb2 Qg5
16.Qc1 Qh4 17.Qd1 Qg5 18.Qc1 Qh4 19.Qd1 Bh6 20.Bc1 Bf4 21.Bxf4 Qxf4 22.Ne3 Nf6
23.Nf1 Rad8 24.Qd2 Qh4 25.Qe3 Nc6 26.Nh2 Nd7 27.Nf3 Qf6 28.Rad1 Qe7 29.Bf1 Qf8
30.Qf4 Nde5 31.Ne2 Nb4 32.Nc1 Nxf3+ 33.gxf3 Nc2 34.Re2 Nd4 35.Red2 Qg7 36.Ne2 Qe5
37.Qe3 Nxe2+ 38.Rxe2 g5 39.Red2 h6 40.Rd3 Kf8 41.h4 Ke7 42.hxg5 hxg5 43.Bg2 Rh8
44.Qd2 b6 45.Re1 Rh5 46.Qc3 Qxc3 47.Rxc3 b5 48.cxb5 axb5 49.e5 c4 50.exd6+ Kxd6
51.Rd1+ Ke7 52.Rxd8 Kxd8 53.bxc4 bxc4 54.f4 gxf4 55.Bf1 Rc5 56.Kg2 Kc7 57.Kf3 Kd6
58.Kxf4 Ra5 59.a3 Kc5 60.Ke3 Rb5  0-1

[Event "Gibraltar Open"]
[Site "Caleta ENG"]
[Date "2012.01.24"]
[Round "1.10"]
[White "Lund,E"]
[Black "Movsesian,S"]
[Result "0-1"]
[WhiteElo "2414"]
[BlackElo "2700"]

1.d4 Nf6 2.c4 g6 3.Nc3 Bg7 4.e4 d6 5.Be2 O-O 6.Nf3 Na6 7.O-O e5 8.Be3 Ng4
9.Bg5 Qe8 10.dxe5 dxe5 11.h3 h6 12.Bd2 Nf6 13.Be3 Qe7 14.Nd5 Qd8 15.Qc2 Nd7
16.Rad1 c6 17.Nc3 f5 18.exf5 gxf5 19.Nh2 Qe7 20.f4 e4 21.Rf2 Nf6 22.Nf1 Be6
23.a3 Rfd8 24.Rxd8+ Rxd8 25.Bxa7 Nc5 26.Bb6 Rd7 27.Ne3 Nd3 28.Bxd3 exd3 29.Qd1 c5
30.b4 cxb4 31.Ncd5 Bxd5 32.cxd5 bxa3 33.Qxd3 Qb4 34.Bd4 Ne4 35.Bxg7 Nxf2
36.Qxf5 Rxg7 37.Qe6+ Kh7 38.Qf5+ Kh8 39.Kxf2 Qd6 40.Qc8+ Kh7 41.Qc2+ Qg6
42.Qa4 Qg3+ 43.Ke2 a2 44.d6 b5 45.Qa8 Qg6 46.f5 Qf7 47.f6 Rg8 48.Qe4+ Kh8
49.Qd4 Rd8 50.Qe5 Rxd6 51.Qxd6 a1=Q 52.Nd5 Qa2+  0-1

[Event "Gibraltar Open"]
[Site "Caleta ENG"]
[Date "2012.01.25"]
[Round "2.44"]
[White "Duhayon,Y"]
[Black "Aloma Vidal,R"]
[Result "1-0"]
[WhiteElo "2210"]
[BlackElo "2431"]

1.d4 Nf6 2.c4 g6 3.Nc3 Bg7 4.e4 d6 5.Nf3 O-O 6.Be2 e5 7.d5 a5 8.Bg5 h6 9.Bh4 Na6
10.Nd2 Bd7 11.O-O Qe8 12.b3 Nh7 13.f3 h5 14.a3 Bh6 15.Ra2 Be3+ 16.Kh1 f5
17.exf5 gxf5 18.f4 exf4 19.Bxh5 Qe5 20.Ne2 Nc5 21.g3 fxg3 22.hxg3 a4 23.b4 Ne4
24.Nxe4 Qxe4+ 25.Bf3 Qe5 26.Nf4 Bxf4 27.gxf4 Qxf4 28.Rg1+ Kh8 29.Bg3 Qxc4
30.Qa1+ Rf6 31.Rh2 Qd3 32.Qxf6+  1-0

[Event "12th ch-CRO"]
[Site "Opatija CRO"]
[Date "2012.01.25"]
[Round "9.1"]
[White "Kozul,Z"]
[Black "Jovanovic,Zo CRO"]
[Result "1/2-1/2"]
[WhiteElo "2601"]
[BlackElo "2556"]

1.d4 Nf6 2.Nf3 g6 3.c4 Bg7 4.Nc3 O-O 5.e4 d6 6.Be2 e5 7.O-O c6 8.d5 Na6 9.Nd2 Nd7
10.a3 c5 11.Nb5 Qe7 12.b4 f5 13.Nb3 b6 14.f3 f4 15.Bd2 h5 16.Nc1 g5 17.Nd3 Rf7
18.Kh1 Nf6 19.Rg1 Nh7 20.g3 Bd7 21.Rb1 Kh8 22.bxc5 bxc5 23.gxf4 exf4 24.Qc1 Bxb5
25.cxb5 Nb8 26.e5 Nd7 27.e6 Rf5 28.Nf2 Ndf6 29.Qc2 Rxd5 30.Bc3 Qxe6 31.Rbe1 Re5
32.Bxe5 dxe5 33.Bc4 Qe7 34.Qf5 Qb7 35.Ne4 Nxe4 36.Qxe4 Qxe4 37.Rxe4 g4 38.fxg4 Ng5
39.Ree1 h4 40.Rgf1 Rd8 41.Rd1 Re8 42.a4 f3 43.Rd5 Bf6 44.a5 e4 45.b6 axb6
46.a6 e3 47.a7 Bc3 48.Rxg5 e2 49.h3 exf1=Q+ 50.Bxf1 Ra8 51.Rh5+ Kg7 52.Bd3 Kf7
53.Bc4+ Kg7 54.Bd3 Kf7 55.Rf5+ Ke7 56.Bc4 Kd6 57.Rxf3 b5 58.Bxb5 Bd4 59.Rf7 c4
60.Rd7+ Kc5 61.Ba6 Be3 62.Re7 Bd4 63.Rc7+ Kd6 64.Rxc4 Ke5 65.Kg2 Rxa7 66.Rc6 Rf7
67.Rc2 Ra7 68.Re2+ Kf6 69.Bc8 Ra3 70.Re4 Rg3+ 71.Kf1 Bc3 72.Ke2 Kg5 73.Re3  1/2-1/2

[Event "ch-Belgrade 2012"]
[Site "Belgrade SRB"]
[Date "2012.01.26"]
[Round "5.10"]
[White "Jakovljevic,Zi"]
[Black "Ravic,N"]
[Result "0-1"]
[WhiteElo "2144"]
[BlackElo "2310"]

1.d4 Nf6 2.c4 g6 3.Nc3 Bg7 4.e4 d6 5.Nf3 O-O 6.Be2 Nbd7 7.O-O e5 8.d5 h6
9.Ne1 Ne8 10.Be3 f5 11.f3 f4 12.Bf2 g5 13.Nd3 Ndf6 14.c5 h5 15.Rc1 g4 16.Bh4 Bh6
17.Nf2 Qd7 18.c6 bxc6 19.dxc6 Qg7 20.Rc2 Bg5 21.Bxg5 Qxg5 22.Qd2 Kh8 23.fxg4 hxg4
24.g3 Ng7 25.Bc4 Ne6 26.Bxe6 Bxe6 27.Nh1 Nh5 28.b3 Qg6 29.Rcc1 fxg3 30.hxg3 Rf3
31.Rxf3 gxf3 32.Qf2 Kg7  0-1